<?xml version="1.0" encoding="UTF-8"?>
<collection xmlns="http://www.loc.gov/MARC21/slim">
  <record>
    <leader>00000nam  2200000   4500</leader>
    <controlfield tag="001">INLIS000000000001556</controlfield>
    <controlfield tag="005">20190704114932</controlfield>
    <datafield tag="035" ind1="#" ind2="#">
      <subfield code="a">0010-0718001556</subfield>
    </datafield>
    <controlfield tag="008">190704################g##########0#ind##</controlfield>
    <datafield tag="020" ind1="#" ind2="#">
      <subfield code="a">9786021858806</subfield>
    </datafield>
    <datafield tag="041" ind1=" " ind2=" ">
      <subfield code="a">id</subfield>
    </datafield>
    <datafield tag="082" ind1="#" ind2="#">
      <subfield code="a">155.25</subfield>
    </datafield>
    <datafield tag="090" ind1=" " ind2=" ">
      <subfield code="a">155.25 Hak f</subfield>
    </datafield>
    <datafield tag="100" ind1=" " ind2="#">
      <subfield code="a">Hakim, Cheppy</subfield>
    </datafield>
    <datafield tag="245" ind1="1" ind2="#">
      <subfield code="a">Fenomena pompa bensin. /</subfield>
      <subfield code="c">Chappy Hakim</subfield>
    </datafield>
    <datafield tag="260" ind1="#" ind2="#">
      <subfield code="a">Jakarta :</subfield>
      <subfield code="b">Institut Peradaban,</subfield>
      <subfield code="c">2012</subfield>
    </datafield>
    <datafield tag="300" ind1="#" ind2="#">
      <subfield code="a">x, 64 hlm.. :</subfield>
      <subfield code="b">ilus ;</subfield>
      <subfield code="c">23 cm</subfield>
    </datafield>
    <datafield tag="650" ind1=" " ind2="#">
      <subfield code="a">Pembangunan-Karakter bangsa</subfield>
    </datafield>
    <datafield tag="084" ind1="#" ind2="#">
      <subfield code="a">155.25 Hak f</subfield>
    </datafield>
    <datafield tag="505" ind1="#" ind2="#">
      <subfield code="a">Bercermin  pada apa yang terjadi dalam bisnis Pompa Bensin di Tanah Air, kita dapat dengan mudah melihat bahwa perubahan seringkali terjadi setelah dihadapkan pada kondisi "kepepet". Oleh karenanya Cheppy Hakim mempromosikan satu terminologi yang disebut "Fenomena Pompa Bensin" yang merefleksikan sifat atau "habit" yang tidak mau berubah, sebelum benar-benar menghadapi masalah yang berujud ancaman dengan pilihan hidup atau mati. Buku ini berisi berbagai macam kumpulan cerita menarik dan inspiratif yang disajikan dengan gaya penukisan yang mudah dicerna dan ilustrasi serta komik yang menawan. Cocok gabi Anda yang ingin mendapatkan semangat baru.</subfield>
    </datafield>
    <datafield tag="856" ind1="#" ind2="#">
      <subfield code="a">Perpustakaan Lembaga Administrasi Negara</subfield>
    </datafield>
    <datafield tag="990" ind1="#" ind2="#">
      <subfield code="a">150817972</subfield>
    </datafield>
    <datafield tag="990" ind1="#" ind2="#">
      <subfield code="a">150817972</subfield>
    </datafield>
    <datafield tag="990" ind1="#" ind2="#">
      <subfield code="a">150817972</subfield>
    </datafield>
    <datafield tag="990" ind1="#" ind2="#">
      <subfield code="a">150817972</subfield>
    </datafield>
  </record>
</collection>
